| 000 | 00959nam a2200253 a 4500 | ||
|---|---|---|---|
| 001 | 000025098 | ||
| 003 | 000025098 | ||
| 005 | 20240529094642.0 | ||
| 008 | 110210s2003 dr 000 j spa d | ||
| 040 |
_aBPMSU _bspa _cBPMSU |
||
| 082 | 4 |
_aA863.08 _bA634c 2003 _222 |
|
| 245 | 0 | 0 |
_aAntología del cuento latinoamericano / _cselección, presentación y notas bibliográficas José Miguel Simón Consuegra ; ilustraciones Wemer Olmos. |
| 260 |
_aSanto Domingo : _bSusaeta Ediciones Dominicanas, _c2003. |
||
| 300 |
_a183 p. : _bil. ; _c22 cm. |
||
| 490 | 0 | _aBiblioteca Susaeta | |
| 500 | _aIncluye referencias bibliográficas y notas al pie de las páginas | ||
| 590 | _aInventariado, 2024/VM | ||
| 650 | 4 | _aCuentos infantiles latinoamericanos | |
| 650 | 4 | _aLiteratura infantil latinoamericana | |
| 700 | 1 |
_aSimón Consuegra, José Miguel _eselección |
|
| 700 | 1 | 2 |
_aOlmos, wemer _eil. |
| 910 | _aVMATEO/ Validado. Control de calidad MFF | ||
| 942 |
_2ddc _cBK |
||
| 999 |
_c7111 _d7111 |
||